Ochrana kopíruje stav hospodárstva
Aktuálna situácia v ochrane duševného vlastníctva a patentov v slovenskom priemysle. Súčasné problémy pri ochrane duševného vlastníctva, ochranných známok, priemyselných vzorov atď. Počet prihlášok priemyselných práv na Slovensku v súčasnosti. Aká je ochrana v rámci Európskej únie.
Uložené v:
| Hlavný autor: | |
|---|---|
| Ďalší autori: | |
| Médium: | Kapitola |
| Jazyk: | Slovak |
| Predmet: | |
| Tagy: |
Žiadne tagy, Buďte prvý, kto otaguje tento záznam!
|
MARC
| LEADER | 00000naa$a2200000$$$4500 | ||
|---|---|---|---|
| 001 | 0104152 | ||
| 005 | 20231011121544.9 | ||
| 041 | 0 | |a slo | |
| 044 | |a SK | ||
| 245 | 1 | 0 | |a Ochrana kopíruje stav hospodárstva |c Mária Tolnayová, Darina Kyliánová |
| 520 | |a Aktuálna situácia v ochrane duševného vlastníctva a patentov v slovenskom priemysle. Súčasné problémy pri ochrane duševného vlastníctva, ochranných známok, priemyselných vzorov atď. Počet prihlášok priemyselných práv na Slovensku v súčasnosti. Aká je ochrana v rámci Európskej únie. | ||
| 610 | 2 | 0 | |a vlastníctvo duševné |
| 610 | 2 | 0 | |a vlastníctvo priemyselné |
| 610 | 2 | 0 | |a ochrana vlastníctva |
| 610 | 2 | 0 | |a vynálezy |
| 610 | 2 | 0 | |a vzory priemyselné |
| 610 | 2 | 0 | |a podnik priemyselný |
| 610 | 2 | 0 | |a Slovensko |
| 100 | 1 | |a Tolnayová, Mária | |
| 700 | 1 | |a Kyliánová, Darina | |